[Event "15th Avicenna Open Masters 2018"]
[Site "Avicenna"]
[Date "2018.08.24"]
[Round "9"]
[White "Hosseinzadeh, Nima"]
[Black "Noroozi, Omid"]
[Result "1/2-1/2"]
[WhiteElo "2299"]
[BlackElo "2326"]
[Annotator "TA"]
[PlyCount "100"]
[EventDate "2018.08.17"]
[EventType "swiss"]
[EventCountry "IRI"]
[SourceTitle "playchess.com"]
[Source "ChessBase"]
[SourceQuality "1"]

{[%evp 15,100,11,6,1,0,0,22,21,93,101,103,101,149,160,166,166,164,102,110,111,104,112,97,58,50,45,61,58,50,49,59,51,70,41,61,39,48,18,33,4,62,64,109,109,96,107,116,67,68,63,52,53,153,50,634,79,74,72,75,59,75,0,62,0,75,0,0,0,0,0,0,3,3,0,8,0,0,0,0,0,0,0,0,0,0,0,0]} 1. e4 c5 2. Nf3 d6 3. d4 cxd4 4. Nxd4 Nf6 5. Nc3 a6 6. h3 e5 7. Nde2 b5 8. Nd5 {B90: Sicilian Najdorf: Unusual White 6th moves, 6 Be3 Ng4 and 6 Be3 e5} (8. Ng3 Qc7 9. Bd3 g6 10. O-O Bg7 11. Bd2 O-O 12. a4 b4 13. Na2 a5 14. c3 bxc3 15. Nxc3 Be6 {½-½ (40) Svidler,P (2760)-Khismatullin,D (2632) Sochi 2018}) 8... Nbd7 {LiveBook: 9 Games} 9. Nxf6+ $146 ({Predecessor:} 9. Bg5 Bb7 10. Nec3 Rc8 11. a4 b4 12. Bxf6 Nxf6 13. Nxf6+ Qxf6 14. Nd5 Qg6 15. Qf3 Be7 {1-0 (38) Sarana,A (2562)-Kokarev,D (2616) Taganrog 2018}) 9... Nxf6 10. Bg5 Bb7 11. Nc3 {[%cal Be2c3,Bc3d1,Bd1e3][%mdl 32]} Qa5 (11... Be7 $11 {keeps the balance.}) 12. Bxf6 $1 $16 gxf6 13. Qf3 f5 14. Qxf5 b4 15. Nd1 Rg8 16. Bc4 (16. Qxh7 $6 Rg7 $14) (16. Be2 $18) 16... Qc7 17. Ne3 {And now Nd5 would win.} Rxg2 18. Bb3 Rg6 19. O-O-O Bh6 20. Kb1 {Threatens to win with Nc4.} Bxe3 21. fxe3 Qd7 $1 22. Qf3 O-O-O $1 23. Bd5 Kb8 24. Rd3 (24. Bxf7 Rf8 $17) (24. Qxf7 Qxf7 25. Bxf7 Rg3 $15) 24... Rc8 25. Rhd1 (25. Bxf7 $2 Rf8 $19) 25... Rh6 26. h4 Qc7 27. Qe2 (27. Qg2 {is interesting.} Rxh4 28. Qd2 Bxd5 29. Rxd5 Rh6 30. Qxb4+ Ka7 31. R5d2) 27... Rxh4 (27... Bxd5 $1 $11 28. Rxd5 Qc4) 28. Bxb7 $14 Qxb7 29. Rxd6 Rxe4 30. b3 $1 {Black must now prevent Rf6.} Rh4 31. Rxa6 {Hoping for Qd3.} Rhc4 $1 32. Ra4 Rxc2 33. Qg4 Rg2 {[#]} (33... R2c6 $14) 34. Qh4 ({But not} 34. Qxb4 $6 Qxb4 35. Rxb4+ Kc7 $16) ({White must play} 34. Qf5 $1 $16 {[%cal Rf5e5]} f6 35. Qxf6) 34... e4 $2 {[%mdl 8192]} (34... Rg6 $14) 35. Qf4+ $2 (35. Qf6 $18 {White threatens Qe5+ and mate.} Rg6 36. Qe5+ Qc7 37. Qxe4) 35... Qc7 $16 36. Rxb4+ Ka7 37. Ra4+ Kb8 $1 38. Rb4+ Ka7 $1 {( -> ...Qc2+)} 39. Ra4+ Kb8 $1 {[#]} 40. Qxe4 ({White should play} 40. Qxc7+ $1 $16 Rxc7 41. Rd8+ (41. Rxe4 Rcc2 $16) 41... Kb7 42. Rb4+ (42. Rxe4 Rcc2 $16) 42... Kc6 43. Rc4+ (43. Rxe4 Rg1+ 44. Kb2 Rg2+ 45. Kb1 Rg1+ 46. Kc2 Kb6+ 47. Rc4 Rxc4+ 48. bxc4 Ra1 $16) 43... Kb7 44. Rxe4) 40... Qc2+ $11 {The position is equal.} 41. Qxc2 Rcxc2 {[%mdl 4096] Endgame KRR-KRR} 42. Rb4+ Ka7 43. Rd7+ Ka6 44. Ra4+ Kb5 45. Rxf7 {Strongly threatening Rb7+.} Rb2+ 46. Ka1 {aiming for Rb7+.} Rbe2 {[%cal Re2e1]} 47. Rf5+ Kb6 {[%cal Re2e1]} 48. Rf1 h5 49. Kb1 Rb2+ 50. Ka1 Rbe2 {Precision: White = 35%, Black = 55%.} 1/2-1/2

[Event "15th Avicenna Open Masters 2018"]
[Site "Avicenna"]
[Date "2018.08.23"]
[Round "9"]
[White "Daneshvar, Bardiya"]
[Black "Pavlov, Sergey"]
[Result "1/2-1/2"]
[WhiteElo "2290"]
[BlackElo "2496"]
[Annotator "TA"]
[PlyCount "26"]
[EventDate "2018.08.17"]
[EventType "swiss"]
[EventCountry "IRI"]
[SourceTitle "playchess.com"]
[Source "ChessBase"]
[SourceQuality "1"]

{[%evp 18,24,14,13,36,55,53,41,32]} 1. d4 Nf6 2. c4 e6 3. Nc3 Bb4 4. Qc2 b6 5. e4 c5 6. d5 {E32: Nimzo-Indian: Classical (4 Qc2): 4...0-0} Qe7 7. Nge2 exd5 8. exd5 O-O 9. Bd2 d6 10. f3 {LiveBook: 7 Games} Ba6 11. O-O-O Bxc4 12. Ng3 $1 Bxf1 ({But not} 12... Bxd5 13. Nf5 $16) {Predecessor:} 13. Rhxf1 $146 Nbd7 {1-0 (48) Dreev,A (2652)-Moussard,J (2567) Bastia 2017} 1/2-1/2